000
00342nam a22001577a 4500
003
SGT
020
_a
9783177581232
082
_a
620.1,SHA
100
_a
SHAMES,IRVING H.
245
_a
ENGINEERING MECHANICS
250
_a
4TH
260
_a
CHENNAI
_b
PEARSON
_c
2017
300
_a
840
650
_a
MECHANICAL ENGINEERING
942
_2
ddc
_c
BK
999
_c
18376
_d
18376